Statistics for 10 Most Popular Things in the World

Click here to take the quiz!

General Stats

  • This quiz has been taken 303 times
  • The average score is 4 of 10

Answer Stats

HintAnswer% Correct
SPORT with 3.5 billion fansSoccer
91%
The biggest FAST FOOD CHAIN in the world with more than 35,000 outletsMcDonald’s
80%
The top grossing FILM of all time grossing $2,787,964,087Avatar
55%
ALBUM that sold 110 million copies world wideThriller
43%
CANDY BAR with more than $3.6 billion dollars in salesSnickers
40%
The best-selling single TOY of all time with more than 350 million toys soldRubik’s Cube
22%
POSTER of this actress in a red bathing suit that has sold 6 million copies since 1976Farrah Fawcett
20%
The biggest selling DVD movie of all time with more than 40 million copies sold worldwideFinding Nemo
8%
The world's most popular and best-selling BEERSnow Beer which is made in China
6%
The most expensive PAINTING worth 300 million dollarsWhen Will You Marry? by Paul Gauguin
5%

Score Distribution

Percentile by Number Answered

Percent of People with Each Score

Your Score History

You have not taken this quiz